000 02305cam a22005774i 4500
003 PE-LiUPU
005 20250731170451.0
008 150706s2007 sp r 000 0 spa d
020 _a9788478448159
035 _a(Sirsi) i9788478448159
040 _aPE-LiUPU
_bspa
_cPE-LiUPU
_erda
049 _aPRUA
082 0 4 _a109
_bG11
_221
100 1 _aGaarder, Jostein,
_eautor.
245 1 3 _aEl mundo de sofía :
_bnovela sobre la historia de la filosofía /
_cJostein Gaarder.
264 1 _aMadrid :
_bEdiciones Siruela,
_c2007.
300 _a638 páginas ;
_c22 centímetros
336 _atext
_2rdacontent
337 _aunmediated
_2rdamedia
338 _avolume
_2rdacarrier
505 0 _aEl jardín del Edén -- El sombrero de copa -- Los mitos -- Los filósofos de la naturaleza -- Demócrito -- El destino -- Sócrates -- Atenas -- Platón -- La cabaña del mayor -- Aristóteles -- El helenismo -- Las postales -- Dos civilizaciones -- La edad media -- El renacimiento -- La época barroca -- Descartes -- Spinoza -- Locke -- Hume -- Berkeley -- Bjerkely -- La ilustración -- Kant -- El romanticismo -- Hegel -- Kierkegaard -- Marx -- Darwin -- Freud -- Nuestra época -- La fiesta en el jardín -- Contrapunto -- La gran explosión.
526 _aSEG68
526 _aSEG70
526 _aSEG69
526 _aSEG67
526 _aSEG43
526 _aP144
526 _aP143
526 _aP131
526 _aP122
526 _aP120
526 _aP117
526 _aP112
526 _aP110
526 _aP106
526 _aP101
526 _aP80
526 _aP59
526 _aP54
526 _aP35
526 _aP33
526 _aP30
541 _g001-0000490;
650 0 4 _aFilosofía
_xHistoria
_vNovelas.
910 _agl
_bjck
_d20101223
942 _2ddc
_cBOOK
949 _a109 G11
_wDEWEY
_c1
_i62448
_d2016-5-3
_e2016-4-29
_lCCODEBUL1
_mBUL
_n7
_p23.00
_r0
_sY
_tBOOK
_u2015-7-6
_xTEOLOGIA
_PP35
_0COMPRA
_o.STAFF. Colección General
994 _aC0
_bPEPRU
596 _a1
999 _a109 G11
_wDEWEY
_c51487
_i62448
_d51487
_e2017-6-27
_f2021-11-4
_g5
_lCCODEBUL1
_mBUL
_n8
_p23.00
_r0
_sY
_tBOOK
_u2015-7-6
_xBIBLIOTECA
_PP35
_0COMPRA
_o.STAFF. Colección Teología
980 _81
_gALBERTO SANCHEZ Responsable de Automatización